Escuela Industrial de Barcelona : sección de industrias textiles : curso de 1910 a 1911 sección de industrias textiles :
Descripción Física:
10 p. : il. ; 30 cm
MARC
| LEADER | 00000nam a2200000Ia 4500 | ||
|---|---|---|---|
| 001 | 16151 | ||
| 008 | 160829s1910?] xx 000 0 cat d | ||
| 080 | |a RF-13-17 | ||
| 100 | |a Escola Industrial de Barcelona | ||
| 245 | |a Escuela Industrial de Barcelona : |b sección de industrias textiles : |b curso de 1910 a 1911 | ||
| 260 | |a Barcelona : |b [Imp. Elzeviriana, |c 1910?] | ||
| 300 | |a 10 p. : |b il. ; |c 30 cm | ||
| 590 | |a Prové de 2372, exp. 10 | ||
| 650 | |a Escola Industrial de Barcelona |x Currículums |9 38815 | ||
| 856 | 4 | |u https://media.diba.cat/diba/fitxers/arxiu/fulletons/bib_16151_1910_baixa.pdf |y Accés lliure | |
| 856 | 4 | |u https://media.diba.cat/diba/fitxers/arxiu/fulletons/bib_16151_1910_baixa.pdf |y Accés lliure | |
| 901 | |a Arxiu | ||
| 942 | |n 1 |2 udc | ||
| 952 | |0 0 |1 0 |4 0 |6 RF1317 |7 1 |9 53546 |a Arxiu |b Arxiu |d 2016-12-01 |l 0 |o RF-13-17 |p 16151 |r 2016-12-01 00:00:00 |w 2016-12-01 |y ARXIU | ||
| 999 | |c 57412 |d 57412 | ||
| 900 | |a bib_16151_1910_baixa.pdf | ||